| 000 | nam a22 7a 4500 | ||
|---|---|---|---|
| 999 |
_c55262 _d55262 |
||
| 003 | OSt | ||
| 005 | 20220810095921.0 | ||
| 008 | 220810b xxu||||| |||| 00| 0 eng d | ||
| 040 | _cIIMT UNIVERSITY , MEERUT | ||
| 100 | _aKINIONS , MARK T | ||
| 245 | _aFRENCH'S INDEX OF DIFFERENTAL DIAGNOSIS | ||
| 250 | _a11TH | ||
| 260 |
_aNEW DELHI _bCRC _c2022 |
||
| 300 | _a799 | ||
| 942 |
_2ddc _c01 |
||